Tục ngữ, thành ngữ trên thế giới; T1

Đã lưu trong:
书目详细资料
主要作者: Tục ngữ, thành ngữ trên thế giới; T1
格式: 图书
语言:Undetermined
出版: Hà Nội Văn Hóa Dân Tộc 1997
主题:
标签: 添加标签
没有标签, 成为第一个标记此记录!
Thư viện lưu trữ: Trung tâm Học liệu Trường Đại học Cần Thơ
LEADER 00623nam a2200169Ia 4500
001 CTU_25347
008 210402s9999 xx 000 0 und d
082 |a 398.9 
082 |b T506/T1 
100 |a Tục ngữ, thành ngữ trên thế giới; T1 
245 0 |a Tục ngữ, thành ngữ trên thế giới; T1 
245 0 |c Tục ngữ, thành ngữ trên thế giới; T1; Dịch giả: Lê Du, Lê Hải 
260 |a Hà Nội 
260 |b Văn Hóa Dân Tộc 
260 |c 1997 
650 |a folk literature,proverbs 
980 |a Trung tâm Học liệu Trường Đại học Cần Thơ